Inter-Cmea cooperation in energy and the trends in the world economy proceedings of the Soviet-Hungarian roundtable, June 22-26, 1981, Moscow
Enregistré dans:
| Format: | Livre |
|---|---|
| Langue: | anglais |
| Publié: |
Budapest
Hungarian scientific council for world economy
1984
|
| Collection: | Trends in world economy
|
| Tags: |
Pas de tags, Soyez le premier à ajouter un tag!
|
MARC
| LEADER | 00000nam a2200000 4500 | ||
|---|---|---|---|
| 001 | c114866 | ||
| 005 | 20041019155159.8 | ||
| 041 | 0 | |a eng | |
| 044 | |a HU | ||
| 245 | 1 | 0 | |a Inter-Cmea cooperation in energy and the trends in the world economy |b proceedings of the Soviet-Hungarian roundtable, June 22-26, 1981, Moscow |
| 264 | 1 | |a Budapest |b Hungarian scientific council for world economy |c 1984 | |
| 300 | |a 204 s. | ||
| 490 | 1 | |a Trends in world economy | |
| 830 | 0 | |a Trends in world economy | |